• 首页
  • 本馆介绍
  • 公告通知
  • 最新文献
  • 馆藏检索
  • 电子资源
  • 读者导购
  • 参考咨询
  • 我的图书馆
  • 登录
  • 详细信息显示
  • 放入我的书架
  • 预约/预借图书
  • 作者相关作品
  • 分类相关作品
  • 丛书相关作品
  • 出版社相关作品

书目信息

  • 表格格式
  • 工作单格式
  • 卡片格式
题名:
中国植物志
    
 
作者: ;中国科学院中国植物志编辑委员会 编
分册: 第二十六卷   被子植物门 双子叶植物纲紫茉莉科 马齿苋科 商陆科 落葵科 番杏科 石竹科
出版信息: 北京   科学出版社  1996
页数: 506页
开本: 26cm
丛书名:
单 册:
中图分类: Q948.52 , Q948.2
科图分类:
主题词: 植物志--中国 , 双子叶植物--植物志--中国 , 植物生态学 , 植物地理学
电子资源:
ISBN: 7-03-004887-3
000 01004nam0 2200289 45
001 0197017588
005 20040923164546.5
010    @a7-03-004887-3@b精装@dCNY76
100    @a19970628d1996 kemy0chiy0121 ea
101 0  @achi@eeng
102    @aCN@b110000
105    @af zg 001yy
106    @ar
200 10 @a中国植物志@Azhong guo zhi wu zhi@h第二十六卷@i被子植物门 双子叶植物纲紫茉莉科 马齿苋科 商陆科 落葵科 番杏科 石竹科@f中国科学院中国植物志编辑委员会编
210    @a北京@c科学出版社@d1996
215    @a506页@c插图@d26cm
300    @a国家自然科学基金资助项目 中国科学院科学出版基金资助出版
510 1  @aFlora reipublicae popularis sinicae@zeng
606    @a植物志@y中国
606    @a双子叶植物@x植物志@y中国
606 0  @a植物生态学
606 0  @a植物地理学
690    @aQ948.52@v3
690    @aQ948.2
711 02 @a中国科学院中国植物志编辑委员会@Azhong guo ke xue yuan zhong guo zhi wuzhi bian ji wei yuan hui@4编
801  0 @aCN@bNLC@c19970723
905    @f1@b280008@dQ948.2@e8:26
    
    中国植物志.第二十六卷.被子植物门 双子叶植物纲紫茉莉科 马齿苋科 商陆科 落葵科 番杏科 石竹科/中国科学院中国植物志编辑委员会编.-北京:科学出版社,1996
    506页:插图;26cm
    国家自然科学基金资助项目 中国科学院科学出版基金资助出版
    
    ISBN 7-03-004887-3(精装):CNY76
    
●
相关链接 在E读中查询图书 在五车中查询图书 在当当中查询图书 在豆瓣中查询图书


正题名:中国植物志     索取号:Q948.2/8:26         预约/预借

序号 登录号 条形码 馆藏地/架位号 状态 备注
1 0280008   002800080   工具书阅览室/ [索取号:Q948.2/8:26] 在馆    
2 0280009   002800099   第二样本阅览室/ [索取号:Q948.2/8:26] 在馆    
唐山师范学院图书馆 欢迎您!
大连网信软件有限公司© 版权所有